000 00515nmm a2200169Ia 4500
008 251105s9999||||xx |||||||||||||||||und||
020 _a9788493873332
041 _aspa
100 _aIrurzun, Patxi
245 0 _a¡Oh, Janis, mi dulce y sucia Janis!: Memorias de una estrella del porno (amateur)
264 _a[Madrid, España] :
_bEutelequia,
_c2011
300 _a208 páginas
490 _aNarrativa
650 _aSpanish narrative
856 _uhttps://public.digitaliapublishing.com/a/17487
942 _cCF
999 _c89263
_d89263